000 00309nam a22001337a 4500
008 171102b xxu||||| |||| 00| 0 eng d
020 _a9780471446385
041 _aeng
080 _29TH
_a339.138
100 _a60
101 _aMAR
245 _aMARKETING MISTAKES AND SUCCESSES
_cKAZURA,M
942 _2udc
_cBK
999 _c37279
_d37279